<?xml version="1.0" encoding="UTF-8"?>
<collection xmlns="http://www.loc.gov/MARC21/slim">
 <record>
  <leader>05030nam a22005295i 4500</leader>
  <controlfield tag="001">978-0-387-47860-9</controlfield>
  <controlfield tag="003">DE-He213</controlfield>
  <controlfield tag="005">20210615144647.0</controlfield>
  <controlfield tag="007">cr nn 008mamaa</controlfield>
  <controlfield tag="008">100301s2007    xxu|    s    |||| 0|eng d</controlfield>
  <datafield tag="020" ind1=" " ind2=" ">
   <subfield code="a">9780387478609</subfield>
   <subfield code="9">978-0-387-47860-9</subfield>
  </datafield>
  <datafield tag="024" ind1="7" ind2=" ">
   <subfield code="a">10.1007/978-0-387-47860-9</subfield>
   <subfield code="2">doi</subfield>
  </datafield>
  <datafield tag="050" ind1=" " ind2="4">
   <subfield code="a">RC434.2-574</subfield>
  </datafield>
  <datafield tag="072" ind1=" " ind2="7">
   <subfield code="a">MMH</subfield>
   <subfield code="2">bicssc</subfield>
  </datafield>
  <datafield tag="072" ind1=" " ind2="7">
   <subfield code="a">MED105000</subfield>
   <subfield code="2">bisacsh</subfield>
  </datafield>
  <datafield tag="072" ind1=" " ind2="7">
   <subfield code="a">MKL</subfield>
   <subfield code="2">thema</subfield>
  </datafield>
  <datafield tag="082" ind1="0" ind2="4">
   <subfield code="a">616.89</subfield>
   <subfield code="2">23</subfield>
  </datafield>
  <datafield tag="245" ind1="1" ind2="0">
   <subfield code="a">Handbook of Obesity Prevention</subfield>
   <subfield code="h">[electronic resource] :</subfield>
   <subfield code="b">A Resource for Health Professionals /</subfield>
   <subfield code="c">edited by Shiriki Kumanyika, Ross Brownson.</subfield>
  </datafield>
  <datafield tag="250" ind1=" " ind2=" ">
   <subfield code="a">1st ed. 2007.</subfield>
  </datafield>
  <datafield tag="264" ind1=" " ind2="1">
   <subfield code="a">New York, NY :</subfield>
   <subfield code="b">Springer US :</subfield>
   <subfield code="b">Imprint: Springer,</subfield>
   <subfield code="c">2007.</subfield>
  </datafield>
  <datafield tag="300" ind1=" " ind2=" ">
   <subfield code="a">XXVI, 538 p.</subfield>
   <subfield code="b">online resource.</subfield>
  </datafield>
  <datafield tag="336" ind1=" " ind2=" ">
   <subfield code="a">text</subfield>
   <subfield code="b">txt</subfield>
   <subfield code="2">rdacontent</subfield>
  </datafield>
  <datafield tag="337" ind1=" " ind2=" ">
   <subfield code="a">computer</subfield>
   <subfield code="b">c</subfield>
   <subfield code="2">rdamedia</subfield>
  </datafield>
  <datafield tag="338" ind1=" " ind2=" ">
   <subfield code="a">online resource</subfield>
   <subfield code="b">cr</subfield>
   <subfield code="2">rdacarrier</subfield>
  </datafield>
  <datafield tag="347" ind1=" " ind2=" ">
   <subfield code="a">text file</subfield>
   <subfield code="b">PDF</subfield>
   <subfield code="2">rda</subfield>
  </datafield>
  <datafield tag="505" ind1="0" ind2=" ">
   <subfield code="a">Why Obesity Prevention? -- What is Obesity? Definitions Matter -- Descriptive Epidemiology of Obesity in the United States -- Costs of Obesity -- Obesity Prevention Concepts and Frameworks -- Consumer Perspectives and Consumer Action -- The Role of Government in Preventing Obesity -- Planning and the Built Environment:Implications for Obesity Prevention -- The Food Industry Role in Obesity Prevention -- Media, Marketing and Advertising and Obesity -- Global Context of Obesity -- Organizational Change for Obesity Prevention—Perspectives, Possibilities and Potential Pitfalls -- Community-Based Approaches to Obesity Prevention: The Role of Environmental and Policy Change -- Health Care System Approaches to Obesity Prevention and Control -- Workplace Approaches to Obesity Prevention -- Obesity Prevention in School and Group Child Care Settings -- Individual Behavior Change -- Obesity Risk Factors and Prevention in Early Life: Pre-Gestation through Infancy -- Obesity Prevention During Preschool and Elementary School-Age Years -- Obesity Prevention During Preadolescence and Adolescence -- Obesity Prevention During Adulthood -- Obesity Prevention: Charting a Course to a Healthier Future.</subfield>
  </datafield>
  <datafield tag="520" ind1=" " ind2=" ">
   <subfield code="a">Comprehensive in scope and meticulously researched, Handbook of Obesity Prevention analyzes the intricate causes of this public health crisis, and sets out concrete, multilevel strategies for meeting it head-on. This innovative handbook starts by clearly defining obesity in clinical, epidemiologic, and financial terms. From there, expert contributors provide insights on current issues, methods, and controversies in the field, focusing on new opportunities for prevention, successful interventions and initiatives, and guidelines for planning and implementing programs and evaluating results. This systematic approach to large-scale social and policy change gives all parties involved—from individual practitioners to multinational corporations—the tools to set and attain realistic goals based on solid evidence and best practice in public health. A sample of topics covered: The individual: risk factors and prevention across the lifespan, specific populations (pregnant women, ethnic and regional groups). Levers for change in schools and workplaces. Prevention in health care systems: roles and resources. Community settings: role of the physical environment. &quot;De-marketing&quot; obesity: food industries and the media. Grassroots action: consumers and communities. The global obesity epidemic: rapid developments, potential solutions. From obesity prevention to health promotion: the future of the field. Its level of detail and wide range of topics make the Handbook of Obesity Prevention a bedrock sourcebook, overview, reference, or teaching text. Read by topic or cover to cover, here is accurate, up-to-date information for professionals and students in all areas of public health.</subfield>
  </datafield>
  <datafield tag="650" ind1=" " ind2="0">
   <subfield code="a">Psychiatry.</subfield>
  </datafield>
  <datafield tag="650" ind1=" " ind2="0">
   <subfield code="a">Medicine.</subfield>
  </datafield>
  <datafield tag="650" ind1=" " ind2="0">
   <subfield code="a">Health promotion.</subfield>
  </datafield>
  <datafield tag="650" ind1=" " ind2="0">
   <subfield code="a">Public health.</subfield>
  </datafield>
  <datafield tag="650" ind1="1" ind2="4">
   <subfield code="a">Psychiatry.</subfield>
   <subfield code="0">https://scigraph.springernature.com/ontologies/product-market-codes/H53003</subfield>
  </datafield>
  <datafield tag="650" ind1="2" ind2="4">
   <subfield code="a">Medicine/Public Health, general.</subfield>
   <subfield code="0">https://scigraph.springernature.com/ontologies/product-market-codes/H00007</subfield>
  </datafield>
  <datafield tag="650" ind1="2" ind2="4">
   <subfield code="a">Health Promotion and Disease Prevention.</subfield>
   <subfield code="0">https://scigraph.springernature.com/ontologies/product-market-codes/H27010</subfield>
  </datafield>
  <datafield tag="650" ind1="2" ind2="4">
   <subfield code="a">Public Health.</subfield>
   <subfield code="0">https://scigraph.springernature.com/ontologies/product-market-codes/H27002</subfield>
  </datafield>
  <datafield tag="700" ind1="1" ind2=" ">
   <subfield code="a">Kumanyika, Shiriki.</subfield>
   <subfield code="e">editor.</subfield>
   <subfield code="4">edt</subfield>
   <subfield code="4">http://id.loc.gov/vocabulary/relators/edt</subfield>
  </datafield>
  <datafield tag="700" ind1="1" ind2=" ">
   <subfield code="a">Brownson, Ross.</subfield>
   <subfield code="e">editor.</subfield>
   <subfield code="4">edt</subfield>
   <subfield code="4">http://id.loc.gov/vocabulary/relators/edt</subfield>
  </datafield>
  <datafield tag="710" ind1="2" ind2=" ">
   <subfield code="a">SpringerLink (Online service)</subfield>
  </datafield>
  <datafield tag="773" ind1="0" ind2=" ">
   <subfield code="t">Springer Nature eBook</subfield>
  </datafield>
  <datafield tag="776" ind1="0" ind2="8">
   <subfield code="i">Printed edition:</subfield>
   <subfield code="z">9781441942999</subfield>
  </datafield>
  <datafield tag="776" ind1="0" ind2="8">
   <subfield code="i">Printed edition:</subfield>
   <subfield code="z">9780387516707</subfield>
  </datafield>
  <datafield tag="776" ind1="0" ind2="8">
   <subfield code="i">Printed edition:</subfield>
   <subfield code="z">9780387478593</subfield>
  </datafield>
  <datafield tag="856" ind1="4" ind2="0">
   <subfield code="u">https://doi.org/10.1007/978-0-387-47860-9</subfield>
  </datafield>
  <datafield tag="912" ind1=" " ind2=" ">
   <subfield code="a">ZDB-2-SME</subfield>
  </datafield>
  <datafield tag="912" ind1=" " ind2=" ">
   <subfield code="a">ZDB-2-SXM</subfield>
  </datafield>
  <datafield tag="950" ind1=" " ind2=" ">
   <subfield code="a">Medicine (SpringerNature-11650)</subfield>
  </datafield>
  <datafield tag="950" ind1=" " ind2=" ">
   <subfield code="a">Medicine (R0) (SpringerNature-43714)</subfield>
  </datafield>
 </record>
</collection>
